000 00642nam a2200241Ia 4500
003 OSt
005 20221005040553.0
006 a|||||r|||| 00| 0
007 ta
008 221004b |||||||| |||| 00| 0 san d
024 _a106851
037 _cTextual
040 _aCRL
_cCRL
_bsan
041 _2san
_asan
082 _aO15:g(Q:31), 111L7
100 _aAiri Raghunath
_9395431
245 0 _aConcept of saraswati
260 _aDelhi
_bMunshiram Manoharlal India
300 _a128
_ccm.
650 _aSANSKRIT LITERATURE
942 _hO15:g(Q:31), 111L7
_cTEXL
_2cc
999 _c947102
_d947102